| 000 | 01591 a2200217 4500 | ||
|---|---|---|---|
| 999 |
_c10959 _d10959 |
||
| 020 | _a9780141395623 | ||
| 050 | 0 | 0 |
_aPL782. _bPEN 2018 |
| 245 | 0 | 4 |
_aThe Penguin book of Japanese short stories / _c edited by Jay Rubin. |
| 264 | 4 |
_cLondon: _aPenguin Book, _b |
|
| 300 | _axlv, 517 pages ; | ||
| 336 |
_atext _btxt _2rdacontent |
||
| 337 |
_aunmediated _bn _2rdamedia |
||
| 338 |
_avolume _bnc _2rdacarrier |
||
| 504 | _aIncludes bibliographical references (pages xxxix-xliv). | ||
| 520 | _a"This fantastically varied and exciting collection celebrates the art of the Japanese short story, from its origins in the nineteenth century to the remarkable practitioners writing today. Edited by acclaimed translator Jay Rubin, who has himself freshly translated some of the stories, and with an introduction by Haruki Murakami, this book is a revelation. Stories by writers already well known to English-language readers are included-like Tanizaki, Akutagawa, Murakami, Mishima, Kawabata, and Yoshimoto-as well as many surprising new finds. From Yuko Tsushima's "Flames" to Yuten Sawanishi's "Filling Up with Sugar" to Shin'ichi Hoshi's "Shoulder-Top Secretary" to Banana Yoshimoto's "Bee Honey," The Penguin Book of Japanese Short Stories is filled with fear, charm, beauty, and comedy." -- Publisher's description | ||
| 650 | 0 | _aShort stories, Japanese | |
| 700 | 1 |
_aRubin, Jay, _d1941- _eeditor, _etranslator. |
|
| 700 | 1 |
_aMurakami, Haruki, _d1949- _ewriter of introduction. |
|
| 942 |
_2lcc _cBK _h782 _iPEN _kPL |
||